| 000 | 00594nam a22001577a 4500 | ||
|---|---|---|---|
| 003 | OSt | ||
| 005 | 20151103135656.0 | ||
| 008 | 151103b xxu||||| |||| 00| 0 eng d | ||
| 040 | _cRUA | ||
| 082 | _aFOR ពិត 1995 B120 Or.1 | ||
| 100 |
_93262 _aពិត ភិរក្ស |
||
| 245 | _aសិក្សាពីសហគមន៍ព្រៃឈើនៅឃុំរលាប ភូមិព្រៃឱម៉ាល់ ភូមិទួលម្កាក់ ខេត្តពោធិ៍សាត់ | ||
| 260 |
_aPhnom Penh _bRUA _c1995 |
||
| 300 |
_a93p. _bill. _c29cm. |
||
| 942 |
_2ddc _cFOR |
||
| 999 |
_c3044 _d3044 |
||